Escaladas históricas en monte La Campana y recuerdos de montaña
Saved in:
| Hovedforfatter: | |
|---|---|
| Format: | Bog |
| Sprog: | spansk |
| Udgivet: |
s.l
Agora
2013
|
| Udgivelse: | 1a. ed |
| Fag: | |
| Tags: |
Tilføj Tag
Ingen Tags, Vær først til at tagge denne postø!
|
MARC
| LEADER | 00000cam a2200000 a 4500 | ||
|---|---|---|---|
| 001 | UCE1087 | ||
| 003 | CL-VaPUC | ||
| 008 | 140324e20130000cl |||||||||||||||||spa|d | ||
| 020 | |a 9789569232022 | ||
| 082 | 0 | 4 | |a 910 |b BER |2 21 |
| 100 | 0 | |a Bermejo Lluellas, Angel |e author |9 573477 | |
| 245 | 1 | 0 | |a Escaladas históricas en monte La Campana y recuerdos de montaña |
| 250 | |a 1a. ed | ||
| 300 | |a 177 p | ||
| 942 | |c BK | ||
| 945 | |d 20140324 12:18:00 |a dcastane | ||
| 260 | |a s.l |b Agora |c 2013 | ||
| 650 | 7 | |a GEOGRAFIA UNIVERSAL |2 CL-VaPUC |9 390519 | |
| 650 | 7 | |a MONTAÑISMO |2 CL-VaPUC |9 384709 | |
| 583 | |a last modification |c 20190801 08:45:56 |k Rodrigo Vera | ||
| 999 | |c 355021 |d 355019 | ||
| 952 | |0 0 |1 0 |3 erb |4 0 |6 910_000000000000000_BER_2013 |7 0 |8 A |9 461336 |a BIBEDU |b BIBEDU |i 5063639 |o 910 BER 2013 |p 5063639 |r 2019-11-23 |w 2019-11-23 |y BK |z Catalogado en:20140324 |k CUE | ||
| 952 | |0 0 |1 0 |3 erb |4 0 |6 910_000000000000000_BER_2013 |7 0 |8 A |9 461337 |a BIBING |b BIBING |i 5063868 |l 3 |m 1 |o 910 BER 2013 |p 5063868 |r 2025-01-20 |s 2023-10-25 |w 2019-11-23 |y BK |z Catalogado en:20140324 |k CUI | ||
| 952 | |0 0 |1 0 |3 erb |4 0 |6 910_000000000000000_BER_2013 |7 0 |8 C |9 461338 |a BIBCUR |b BIBCUR |i 5063752 |o 910 BER 2013 |p 5063752 |r 2025-04-22 |w 2019-11-23 |y BK |z Catalogado en:20140324 |k CAC | ||
| 952 | |0 0 |1 0 |3 erb |4 0 |6 910_000000000000000_BER_2013 |7 0 |8 X |9 461339 |a FDOBUD |b FDOBUD |i 5063949 |o 910 BER 2013 |p 5063949 |r 2019-11-23 |w 2019-11-23 |y BK_X |z Catalogado en:20140331 |k BUD | ||